| 000 | 00000nam##2200000za#4500 |
| 001 | 9.630722 |
| 003 | CaOODSP |
| 005 | 20210924135620 |
| 007 | cr ||||||||||| |
| 008 | 150407|2001||||xxc|||||o f|0| 0 fre|d |
| 020 | |a0-662-86068-3 |
| 040 | |aCaOODSP|bfre |
| 043 | |an-cn--- |
| 086 | 1 |aC2-566/2001F-PDF |
| 110 | 1 |aCanada. |bBureau de la concurrence. |
| 245 | 10|aLignes directrices pour l'application des dispositions sur l'abus de position dominante (articles 78 et 79 de la Loi sur la concurrence) |h[ressource électronique] |
| 260 | |aOttawa - Ontario : |bIndustrie Canada. |cJuillet 2001. |
| 300 | |a53p.|bréférences |
| 500 | |aLe n° de catalogue (C2-566/2001) et l'ISBN (0-662-65747-0) de l'édition imprimée bilingue ont été incorrectement copiés dans l'édition électronique. |
| 590 | |a11-28-Supp|b2011-11-17 |
| 691 | 07|aConcurrence|2gcpds |
| 691 | 07|aLégislation|2gcpds |
| 775 | 08|tEnforcement guidelines on the abuse of dominance provisions (sections 78 and 79 of the Competition Act) |w(CaOODSP)9.686221 |
| 776 | 0#|tEnforcement guidelines on the abuse of dominance provisions (sections 78 and 79 of the Competition Act) |w(CaOODSP)9.662799 |
| 776 | 0#|tLignes directrices pour l'application des dispositions sur l'abus deposition dominante (articles 78 et 79 de la Loi sur la concurrence) |w(CaOODSP)9.662800 |
| 856 | 40|ahttp://publications.gc.ca|qPDF|s580 Ko|uhttps://publications.gc.ca/collections/Collection/C2-566-2001F.pdf |
| 986 | |a53377B |